000 00689nam a22002055i 4500
001 162604
003 ES-MaACL
005 20250806034251.0
008 990625s1895 sp |||| | spa d
040 _aCCPB | B
_bspa
_cCCPB | B
100 1 _aProal, Louis.
_994009
245 1 3 _aLa criminalité politique /
_cpar Louis Proal.
260 _aParis :
_bFélix Alcan, éditeur,
_c1895.
300 _aVIII, 307 p. ;
_c22 cm.
650 4 _aPolítica-
_xFilosofía
_916274
650 7 _aÉtica política
_2embne
_9136540
752 _aFrancia -
_dParís
852 _aES-MaACL
_jB-7035
_z-- Enc. hol.
_x-- Edic.: añadir en T260 (Evreux : Imp. de Charles Hérissey)
999 _c162604
_d162604